An introduction to spreadsheets: using microsoft excel 2000 of microsoft office 2000 (Record no. 3551)
[ view plain ]
| 000 -LEADER | |
|---|---|
| fixed length control field | 00652nam a22002057a 4500 |
| 003 - CONTROL NUMBER IDENTIFIER | |
| control field | OSt |
| 005 - DATE AND TIME OF LATEST TRANSACTION | |
| control field | 20160109084422.0 |
| 008 - FIXED-LENGTH DATA ELEMENTS--GENERAL INFORMATION | |
| fixed length control field | 130702t xxu||||| |||| 00| 0 eng d |
| 020 ## - INTERNATIONAL STANDARD BOOK NUMBER | |
| International Standard Book Number | 9780746041468 |
| 050 ## - LIBRARY OF CONGRESS CALL NUMBER | |
| Classification number | HF 5548 |
| Item number | .P294 2000 |
| 082 ## - DEWEY DECIMAL CLASSIFICATION NUMBER | |
| Classification number | CS 005.369E |
| Item number | P27 2000 |
| 100 ## - MAIN ENTRY--PERSONAL NAME | |
| Personal name | Punter, Rusell |
| 245 ## - TITLE STATEMENT | |
| Title | An introduction to spreadsheets: using microsoft excel 2000 of microsoft office 2000 |
| Statement of responsibility, etc | Fiona Patchett. |
| 260 ## - PUBLICATION, DISTRIBUTION, ETC. (IMPRINT) | |
| Place of publication, distribution, etc | England : |
| Name of publisher, distributor, etc | Usborne Publishing Ltd, |
| Date of publication, distribution, etc | 2000. |
| 300 ## - PHYSICAL DESCRIPTION | |
| Extent | 64 p. : |
| Other physical details | ill. col. ; |
| Dimensions | 25 cm. : |
| 520 ## - SUMMARY, ETC. | |
| Summary, etc | 1. Microsoft Office. 2. Business - - Computer programs. |
| 562 ## - COPY AND VERSION IDENTIFICATION NOTE | |
| Number of copies | 1 |
| 942 ## - ADDED ENTRY ELEMENTS (KOHA) | |
| Source of classification or shelving scheme | Library of Congress Classification |
| Koha item type | Books |
| Withdrawn status | Lost status | Source of classification or shelving scheme | Damaged status | Home library | Current library | Shelving location | Date acquired | Total Checkouts | Total Renewals | Full call number | Barcode | Date last seen | Date checked out | Copy number | Price effective from | Koha item type |
|---|---|---|---|---|---|---|---|---|---|---|---|---|---|---|---|---|
| Library of Congress Classification | Luxembourg Library | Luxembourg Library | Computer Science Section | 07/02/2013 | 1 | 1 | HF 5548 .P294 2000 | 11335 | 08/26/2016 | 01/13/2016 | 1 | 07/02/2013 | Books |